Aplicación de paneles solares en estacionamientos de vehículos bajo el concepto de generación distribuida
Na minha lista:
| Autor principal: | |
|---|---|
| Formato: | Livro |
| Idioma: | Spanish |
| Publicado em: |
2013
|
| Assuntos: | |
| Tags: |
Adicionar Tag
Sem tags, seja o primeiro a adicionar uma tag!
|
MARC
| LEADER | 00000nam a22000007a 4500 | ||
|---|---|---|---|
| 003 | 011820 | ||
| 005 | 20221231143904.0 | ||
| 008 | 150324b2013 cr a|||| |||| 00| 0 spa d | ||
| 040 | |c cru CEDI | ||
| 090 | |a TFG 6989 | ||
| 100 | |9 672 |a Calderón Vega, Jefferson | ||
| 245 | |a Aplicación de paneles solares en estacionamientos de vehículos bajo el concepto de generación distribuida | ||
| 260 | |c 2013 | ||
| 500 | |a Proyecto de graduación (bachillerato en ingeniería eléctrica)--Universidad de Costa Rica. Facultad de Ingeniería. Escuela de Ingeniería Eléctrica | ||
| 650 | |v ENERGIA SOLAR |v GENERACION DISTRIBUIDA DE ENERGIA ELECTRICA |v GENERACION DE ENERGIA FOTOVOLTAICA |9 673 | ||
| 942 | |c TFG | ||
| 999 | |c 13795 |d 13795 | ||
